Statistics for $20 - boygenius (Lyrics)

Click here to take the quiz!

General Stats

  • This quiz has been taken 13 times
  • The average score is 149 of 186

Answer Stats

Answer% Correct
a
100%
about
100%
again
100%
all
100%
an
100%
and
100%
bad
100%
be
100%
chance
100%
drive
100%
Give
100%
give
100%
gone
100%
house
100%
I
100%
idea
100%
I'll
100%
I'm
100%
in
100%
In
100%
it
100%
It's
100%
me
100%
more
100%
on
100%
one
100%
Reno
100%
the
100%
to
100%
To
100%
up
100%
wake
100%
When
100%
you
100%
your
100%
another
88%
Can
88%
can
88%
Chevy
88%
dollars?
88%
dollars
88%
finally
88%
fire
88%
from
88%
front
88%
graveyard
88%
had
88%
have
88%
lawn
88%
life
88%
Motorcycle
88%
of
88%
play
88%
Then
88%
time
88%
twenty
88%
we
88%
were
88%
with
88%
all-night
75%
arsonists
75%
been
75%
break
75%
cinder
75%
escape
75%
gas
75%
How
75%
know
75%
long's
75%
out
75%
so
75%
So
75%
Take
75%
take
75%
There's
75%
Where
75%
blocks?
63%
But
63%
die
63%
don't
63%
hills
63%
make
63%
many
63%
May
63%
much
63%
only
63%
please
63%
run
63%
Run
63%
told
63%
doing
50%
fun
50%
Mama
50%
money
50%
should
50%
T-Bird
50%
that
50%
You're
50%
come
38%
just
38%
makin'
38%
shotgun
38%
what
38%
wishes
38%
flowers
25%
Into
25%
not
25%
Pushing
25%
still
25%
change
13%
ready
13%
Wait
13%

Score Distribution

Percentile by Number Answered

Percent of People with Each Score

Your Score History

You have not taken this quiz